|
|
|
|
| LEADER |
01637nam a2200301 a 4500 |
| 001 |
13862108 |
| 008 |
050204s2004 maua 001 0 eng d |
| 010 |
|
|
|a 2001131490
|
| 020 |
|
|
|a 0618118373
|
| 040 |
|
|
|a DLC
|c DLC
|d DLC
|
| 082 |
0 |
0 |
|a 540
|2 22
|
| 100 |
1 |
|
|a Ebbing, Darrell D.
|
| 245 |
1 |
0 |
|a General chemistry /
|c Darrell D. Ebbing, Steven D. Gammon.
|
| 250 |
|
|
|a 7th ed., instructor's annotated ed.
|
| 260 |
|
|
|a Boston :
|b Houghton Mifflin Co.,
|c c2004.
|
| 300 |
|
|
|a 1 v. (various pagings) :
|b ill. (some col.) ;
|c 26 cm.
|
| 504 |
|
|
|a Includes index.
|
| 541 |
1 |
|
|e 00019323
|
| 650 |
|
0 |
|a Chemistry.
|
| 700 |
1 |
|
|a Gammon, Steven D.
|
| 852 |
4 |
|
|a Ayesha Abed Library
|j General Shelf.
|
| 942 |
0 |
0 |
|0 3
|
| 999 |
|
|
|c 4491
|d 4491
|
| 952 |
|
|
|0 0
|1 0
|2 ddc
|4 0
|6 540_EBB_200400000000000
|7 0
|9 4208
|a BRACUL
|b BRACUL
|c GEN
|d 2009-10-12
|g 280.00
|l 23
|m 168
|o 540 EBB
|p 3010019323
|r 2023-10-03
|s 2023-06-22
|t 1
|v 560.00
|w 2009-10-12
|y BK
|
| 952 |
|
|
|0 0
|1 0
|2 ddc
|4 0
|6 540_EBB_200400000000000
|7 0
|9 4209
|a BRACUL
|b BRACUL
|c GEN
|d 2009-10-12
|g 280.00
|l 29
|m 197
|o 540 EBB
|p 3010019322
|r 2025-06-28
|s 2025-06-25
|t 2
|v 560.00
|w 2009-10-12
|y BK
|
| 952 |
|
|
|0 0
|1 0
|2 ddc
|4 0
|6 540_EBB_200400000000000
|7 0
|9 4210
|a BRACUL
|b BRACUL
|c GEN
|d 2009-10-12
|g 280.00
|l 30
|m 252
|o 540 EBB
|p 3010019320
|r 2024-06-06
|s 2024-05-30
|t 3
|v 560.00
|w 2009-10-12
|y BK
|
| 952 |
|
|
|0 0
|1 0
|2 ddc
|4 0
|6 540_EBB_200400000000000
|7 0
|9 4211
|a BRACUL
|b BRACUL
|c GEN
|d 2009-10-12
|g 280.00
|l 24
|m 160
|o 540 EBB
|p 3010019321
|r 2025-02-08
|s 2025-01-16
|t 4
|v 560.00
|w 2009-10-12
|y BK
|
| 952 |
|
|
|0 0
|1 0
|2 ddc
|4 0
|6 540_EBB_200400000000000
|7 0
|9 4212
|a BRACUL
|b BRACUL
|c GEN
|d 2009-10-12
|g 280.00
|l 25
|m 149
|o 540 EBB
|p 3010019319
|r 2025-01-19
|s 2023-01-29
|t 5
|v 560.00
|w 2009-10-12
|y BK
|